[Event "Oslo Elo op"]
[Site "Oslo"]
[Date "2012.09.30"]
[Round "9"]
[White "Larsen Hagen, Brede Andre"]
[Black "Botheim, Tor"]
[Result "1-0"]
[WhiteElo "2055"]
[BlackElo "2001"]
[PlyCount "65"]
[EventDate "2012.09.30"]
[EventType "swiss"]
[EventRounds "9"]
[EventCountry "NOR"]
[SourceTitle "EXT 2013"]
[Source "ChessBase"]
[SourceDate "2012.11.22"]
[SourceVersion "1"]
[SourceVersionDate "2012.11.22"]
[SourceQuality "1"]

1. e4 e5 2. f4 Bc5 3. Nf3 d6 4. Nc3 Nf6 5. Bc4 Nc6 6. d3 Bg4 7. Na4 Bxf3 8. Qxf3 Nd4 9. Qd1 b5 10. Bxf7+ Kxf7 11. Nxc5 dxc5 12. fxe5 Nd7 13. 0-0+ Ke8 14. c3 Ne6 15. d4 cxd4 16. cxd4 Qe7 17. d5 Nec5 18. e6 Nf6 19. e5 Nfe4 20. Rf7 Qh4 21. Rf4 Qe7 22. Qe2 Rf8 23. Rxe4 Nxe4 24. Qxe4 Rd8 25. Be3 c6 26. Qxh7 Rxd5 27. Qg6+ Kd8 28. Bg5 Rf6 29. exf6 Qc5+ 30. Kh1 Rxg5 31. e7+ Kc7 32. e8Q Qd5 33. Qgf7+ 1-0

[Event "Oslo Elo op"]
[Site "Oslo"]
[Date "2012.09.30"]
[Round "2"]
[White "Larsen Hagen, Brede Andre"]
[Black "Lien, Kjell Hakon"]
[Result "1-0"]
[WhiteElo "2055"]
[BlackElo "1913"]
[PlyCount "68"]
[EventDate "2012.09.30"]
[EventType "swiss"]
[EventRounds "9"]
[EventCountry "NOR"]
[SourceTitle "EXT 2013"]
[Source "ChessBase"]
[SourceDate "2012.11.22"]
[SourceVersion "1"]
[SourceVersionDate "2012.11.22"]
[SourceQuality "1"]

1. e4 b6 2. d4 Bb7 3. Bd3 e6 4. Nf3 Nf6 5. Qe2 c5 6. c3 Nc6 7. d5 Nb8 8. c4 d6 9. e5 dxe5 10. Nxe5 Bd6 11. Bf5 Qe7 12. dxe6 fxe6 13. Bh3 0-0 14. Nc3 Re8 15. Bg5 Bxe5 16. Qxe5 h6 17. Bd2 Nc6 18. Qg3 Nd4 19. 0-0-0 Ne4 20. Qe3 Ng5 21. Rhe1 Qf6 22. Ne2 Nxh3 23. Qxh3 Qxf2 24. Nxd4 Qxd4 25. Bc3 Qf4+ 26. Qe3 Qxc4 27. Rd7 e5 28. Rxb7 Qxa2 29. Qe4 Rad8 30. Qg6 Qa1+ 31. Kc2 Qa4+ 32. Kc1 Qa1+ 33. Kc2 Qa4+ 34. b3 Qa2+ 1-0

[Event "Trondheim tt U26"]
[Site "Trondheim"]
[Date "2008.04.06"]
[Round "4"]
[White "Hegelund, Ole Jakob"]
[Black "Larsen Hagen, Brede Andre"]
[Result "0-1"]
[WhiteElo "1188"]
[BlackElo "1921"]
[PlyCount "58"]
[EventDate "2008.04.05"]
[EventType "team-tourn"]
[EventRounds "5"]
[EventCountry "NOR"]
[SourceTitle "EXT 2010"]
[Source "ChessBase"]
[SourceDate "2010.11.25"]
[SourceVersion "1"]
[SourceVersionDate "2010.11.25"]
[SourceQuality "1"]

1. d4 d5 2. c4 e6 3. g3 Nf6 4. Bg2 Be7 5. Nf3 0-0 6. Qc2 b6 7. 0-0 Bb7 8. Bf4 c6 9. a4 Nbd7 10. Na3 Rc8 11. e3 Ne4 12. g4 c5 13. Qd3 cxd4 14. exd4 Bxa3 15. Rxa3 Rxc4 16. Ne5 Nxe5 17. dxe5 Nc5 18. Qd2 Rxa4 19. Rh3 f5 20. exf6 Qxf6 21. Be3 Rxg4 22. Kh1 Qg6 23. Rg1 d4 24. f3 dxe3 25. Qxe3 Rg5 26. b4 Nd3 27. Rg3 Rxg3 28. hxg3 Qh5+ 29. Bh3 Qxh3# 0-1

[Event "Trondheim tt U26"]
[Site "Trondheim"]
[Date "2008.04.05"]
[Round "3"]
[White "Larsen Hagen, Brede Andre"]
[Black "Solbu, Lasse Tveter"]
[Result "0-1"]
[WhiteElo "1921"]
[BlackElo "1687"]
[PlyCount "60"]
[EventDate "2008.04.05"]
[EventType "team-tourn"]
[EventRounds "5"]
[EventCountry "NOR"]
[SourceTitle "EXT 2010"]
[Source "ChessBase"]
[SourceDate "2010.11.25"]
[SourceVersion "1"]
[SourceVersionDate "2010.11.25"]
[SourceQuality "1"]

1. e4 e5 2. f4 Bc5 3. Nf3 d6 4. Nc3 Nf6 5. Bc4 0-0 6. d3 c6 7. Na4 Qa5+ 8. c3 b5 9. b4 Bxb4 10. cxb4 Qc7 11. fxe5 dxe5 12. Nb2 bxc4 13. Nxc4 Nbd7 14. 0-0 Ba6 15. Qc2 Bxc4 16. Qxc4 Qb6+ 17. Kh1 Ng4 18. d4 exd4 19. Qxd4 Qc7 20. Bb2 f6 21. Rac1 Nde5 22. Rc2 Rfd8 23. Qg1 Rd3 24. Nxe5 Nxe5 25. Rfc1 Rad8 26. b5 Ng4 27. h3 Rd1 28. hxg4 Rxg1+ 29. Rxg1 Qf4 30. Bc1 Qxg4 0-1

[Event "Gausdal Classics Elo op"]
[Site "Gausdal"]
[Date "2007.04.23"]
[Round "6"]
[White "Hagen, Anders Gjerdrum"]
[Black "Larsen Hagen, Brede Andre"]
[Result "1-0"]
[WhiteElo "1817"]
[BlackElo "1878"]
[PlyCount "47"]
[EventDate "2007.04.18"]
[EventType "swiss"]
[EventRounds "9"]
[EventCountry "NOR"]
[SourceTitle "EXT 2008"]
[Source "ChessBase"]
[SourceDate "2007.11.25"]
[SourceVersion "1"]
[SourceVersionDate "2007.11.25"]
[SourceQuality "1"]

1. e4 e5 2. Nf3 Nc6 3. Bb5 a6 4. Ba4 Nf6 5. 0-0 b5 6. Bb3 Bc5 7. c3 d6 8. d4 Bb6 9. Bg5 h6 10. Bh4 g5 11. Bg3 exd4 12. Nxd4 Ne5 13. Nf3 Nxf3+ 14. Qxf3 Bb7 15. Nd2 Qe7 16. a4 h5 17. h4 0-0-0 18. axb5 axb5 19. Qf5+ Kb8 20. Qxb5 Nxe4 21. Rfe1 gxh4 22. Rxe4 Bxe4 23. Nxe4 d5 24. Qxb6+ 1-0

[Event "Benidorm op U2300 05th"]
[Site "Benidorm"]
[Date "2006.12.03"]
[Round "3"]
[White "Avila Jimenez, Xavier"]
[Black "Larsen Hagen, Brede Andre"]
[Result "1-0"]
[WhiteElo "2222"]
[BlackElo "2013"]
[PlyCount "52"]
[EventDate "2006.12.01"]
[EventType "swiss"]
[EventRounds "9"]
[EventCountry "ESP"]
[SourceTitle "CBM 115 Extra"]
[Source "ChessBase"]
[SourceDate "2007.01.10"]
[SourceVersion "1"]
[SourceVersionDate "2007.01.10"]
[SourceQuality "1"]

1. d4 d5 2. c4 e6 3. Nc3 Be7 4. Nf3 Nf6 5. cxd5 exd5 6. Bg5 0-0 7. e3 h6 8. Bh4 b6 9. Bd3 Bb7 10. 0-0 Nbd7 11. Rc1 c5 12. Qe2 c4 13. Bb1 a6 14. a4 Bc6 15. Ne5 Nxe5 16. dxe5 Nd7 17. Qc2 g6 18. Bg3 Nc5 19. f4 Bh4 20. Qf2 Bxg3 21. Qxg3 Kh7 22. h4 f5 23. exf6 Qxf6 24. f5 Nd3 25. Bxd3 cxd3 26. fxg6+ Qxg6 1-0

[Event "Chigorin Memorial-B 14th"]
[Site "St Petersburg"]
[Date "2006.10.25"]
[Round "3"]
[White "Shlakich, Anna"]
[Black "Larsen Hagen, Brede Andre"]
[Result "1-0"]
[WhiteElo "2105"]
[BlackElo "2013"]
[PlyCount "67"]
[EventDate "2006.10.23"]
[EventType "swiss"]
[EventRounds "9"]
[EventCountry "RUS"]
[SourceTitle "EXT 2007"]
[Source "ChessBase"]
[SourceDate "2006.11.23"]
[SourceVersion "1"]
[SourceVersionDate "2006.11.23"]
[SourceQuality "1"]

1. e4 e5 2. Bc4 Bc5 3. Nf3 Nc6 4. c3 Nf6 5. d3 0-0 6. 0-0 d6 7. Bb3 Bb6 8. h3 Ne7 9. Re1 Ng6 10. d4 Qe7 11. Nbd2 c5 12. Nc4 Bc7 13. Ne3 cxd4 14. cxd4 Re8 15. Nd5 Nxd5 16. Bxd5 Bb6 17. Bg5 Qf8 18. Rc1 Rb8 19. Be3 Be6 20. Qb3 Qe7 21. Bxe6 fxe6 22. dxe5 Bxe3 23. Qxe3 Nxe5 24. Nxe5 dxe5 25. Qxa7 Qb4 26. Re2 Qb5 27. Qe3 Red8 28. Rc5 Rd1+ 29. Kh2 Qa4 30. Rxe5 Qxa2 31. Rc2 Rbd8 32. Qb6 Qb1 33. Qxe6+ Kf8 34. Rf5# 1-0

[Event "NOR-chT2"]
[Site "Oslo"]
[Date "2006.06.09"]
[Round "3"]
[White "Larsen Hagen, Brede Andre"]
[Black "Vagle, Raymond"]
[Result "1/2-1/2"]
[WhiteElo "2032"]
[BlackElo "2087"]
[PlyCount "76"]
[EventDate "2006.06.07"]
[EventType "team"]
[EventRounds "5"]
[EventCountry "NOR"]
[SourceTitle "CBM 112 Extra"]
[Source "ChessBase"]
[SourceDate "2006.07.14"]
[SourceVersion "1"]
[SourceVersionDate "2006.07.14"]
[SourceQuality "1"]

1. e4 c5 2. Nf3 Nc6 3. d4 cxd4 4. Nxd4 e5 5. Nb5 d6 6. N1c3 a6 7. Na3 Be7 8. Nc4 b5 9. Ne3 Nf6 10. Bd3 0-0 11. 0-0 Be6 12. Ncd5 Nd7 13. c3 Bg5 14. Bc2 Rc8 15. a4 Kh8 16. axb5 axb5 17. Nf5 Bxc1 18. Rxc1 Bxf5 19. exf5 Nf6 20. Nxf6 Qxf6 21. Qf3 Ne7 22. Be4 Rc5 23. Rfd1 Rd8 24. Rd3 b4 25. Rcd1 bxc3 26. bxc3 h6 27. g3 Rc4 28. Ra1 d5 29. Bxd5 Rxd5 30. Rxd5 Nxd5 31. Qxd5 Rxc3 32. Ra7 Kg8 33. Ra8+ Kh7 34. Ra7 Kg8 35. Qa8+ Kh7 36. Qd5 Kg8 37. Ra8+ Kh7 38. Qe4 Qc6 1/2-1/2

[Event "Arco op 27th"]
[Site "Arco"]
[Date "2005.10.23"]
[Round "2"]
[White "Larsen Hagen, Brede Andre"]
[Black "Trauth, Michael"]
[Result "0-1"]
[WhiteElo "1951"]
[BlackElo "2225"]
[PlyCount "58"]
[EventDate "2005.10.22"]
[EventType "swiss"]
[EventRounds "9"]
[EventCountry "ITA"]
[SourceTitle "EXT 2006"]
[Source "ChessBase"]
[SourceDate "2005.11.24"]
[SourceVersion "1"]
[SourceVersionDate "2005.11.24"]
[SourceQuality "1"]

1. e4 c5 2. Nf3 Nc6 3. d4 cxd4 4. Nxd4 g6 5. c4 Nf6 6. Nc3 d6 7. Be2 Nxd4 8. Qxd4 Bg7 9. 0-0 Be6 10. c5 0-0 11. cxd6 Ne8 12. Qb4 Nxd6 13. Rd1 a5 14. Qa4 Bd7 15. Qc2 Rc8 16. a4 Qc7 17. Bf4 Be6 18. Rac1 Qb6 19. Bxd6 Bb3 20. Nd5 Rxc2 21. Nxb6 Rxe2 22. Rd3 Bxb2 23. Kf1 Rxe4 24. Rc7 exd6 25. Rxb3 Rfe8 26. g3 Bd4 27. Rxb7 Re2 28. Rf3 Rb2 29. Rd3 Rxf2+ 0-1

[Event "Sandefjord MGP"]
[Site "Sandefjord"]
[Date "2003.10.17"]
[Round "4"]
[White "Larsen Hagen, Brede Andre"]
[Black "Ludvigsen, Jan Helge"]
[Result "1-0"]
[WhiteElo "1351"]
[BlackElo "1139"]
[PlyCount "93"]
[EventDate "2003.10.??"]
[EventType "swiss"]
[EventRounds "4"]
[EventCountry "NOR"]
[SourceTitle "EXT 2005"]
[Source "ChessBase"]
[SourceDate "2004.11.15"]
[SourceVersion "1"]
[SourceVersionDate "2004.11.15"]
[SourceQuality "1"]

1. e4 d5 2. exd5 Nf6 3. c4 c6 4. Nf3 cxd5 5. Nc3 dxc4 6. Bxc4 e6 7. 0-0 Bd7 8. d4 Qc7 9. Qe2 Be7 10. d5 exd5 11. Nxd5 Nxd5 12. Bxd5 Nc6 13. Re1 0-0 14. Bxc6 Bxc6 15. Qxe7 Qxe7 16. Rxe7 Rad8 17. Bf4 h6 18. Rae1 Rd7 19. Rxd7 Bxd7 20. Re7 Bc6 21. h3 Rd8 22. Ne5 Rd1+ 23. Kh2 Rd4 24. Nxc6 Rxf4 25. Rxb7 Rxf2 26. Nxa7 f5 27. Nc6 f4 28. Nd4 g5 29. a4 h5 30. Rb5 g4 31. hxg4 hxg4 32. Rg5+ Kh7 33. Rxg4 Rxb2 34. Rxf4 Ra2 35. Nf3 Kg6 36. Kh3 Ra3 37. Kg4 Ra2 38. g3 Ra3 39. Ne5+ Kg7 40. Rf7+ Kg8 41. Ra7 Rb3 42. a5 Rb8 43. a6 Rb6 44. Ra8+ Kh7 45. a7 Rb4+ 46. Kf5 Rb5 47. Rh8+ 1-0

[Event "NOR-ch cadet-A"]
[Site "Fredrikstad"]
[Date "2003.07.05"]
[Round "1"]
[White "Stubberud, Ornulf A"]
[Black "Larsen Hagen, Brede Andre"]
[Result "1-0"]
[WhiteElo "1909"]
[BlackElo "1351"]
[PlyCount "93"]
[EventDate "2003.07.??"]
[EventType "swiss"]
[EventRounds "7"]
[EventCountry "NOR"]
[SourceTitle "CBM 095 Extra"]
[Source "ChessBase"]
[SourceDate "2003.09.04"]
[SourceVersion "1"]
[SourceVersionDate "2003.09.04"]
[SourceQuality "1"]

1. e4 e5 2. Nf3 Nc6 3. Bc4 Bc5 4. 0-0 d6 5. c3 Bg4 6. d3 Nf6 7. Be3 Bb6 8. Nbd2 0-0 9. Qc2 Qe7 10. Rfe1 Rfe8 11. Bxb6 axb6 12. d4 Rad8 13. d5 Nb8 14. Re3 Nbd7 15. Be2 Nf8 16. c4 Ng6 17. b4 Ra8 18. Rc3 Rec8 19. c5 bxc5 20. bxc5 b6 21. cxb6 cxb6 22. h3 Nf4 23. Bd1 Rxc3 24. Qxc3 Rc8 25. Qe3 Bxf3 26. Bxf3 Qc7 27. Rb1 Nd7 28. Bg4 Ra8 29. Bxd7 Qxd7 30. Qxb6 g6 31. Rb2 Rc8 32. Qe3 f5 33. f3 Ra8 34. Nc4 Qc7 35. Rc2 Rxa2 36. Rxa2 Qxc4 37. Rb2 Qa4 38. Qb6 Qd1+ 39. Kh2 Qe1 40. Qd8+ Kg7 41. Rb7+ Kh6 42. Qf8+ Kg5 43. Qe7+ Kh6 44. Qxh7+ Kg5 45. h4+ Qxh4+ 46. Qxh4+ Kxh4 47. g3+ 1-0

[Event "NOR-ch U18 int"]
[Site "Lysaker"]
[Date "2002.03.27"]
[Round "7"]
[White "Lund, Frode Ryan"]
[Black "Larsen Hagen, Brede Andre"]
[Result "1-0"]
[WhiteElo "1686"]
[BlackElo "1013"]
[PlyCount "65"]
[EventDate "2002.03.23"]
[EventType "team"]
[EventRounds "7"]
[EventCountry "NOR"]
[SourceTitle "CBM 087 Extra"]
[Source "ChessBase"]
[SourceDate "2002.05.03"]
[SourceVersion "2"]
[SourceVersionDate "2002.08.09"]
[SourceQuality "1"]

1. c4 e5 2. g3 Nc6 3. Bg2 f5 4. e3 Nf6 5. Nc3 Bb4 6. Nge2 0-0 7. 0-0 d6 8. Nd5 Nxd5 9. Bxd5+ Kh8 10. a3 Bc5 11. b4 Bb6 12. d4 exd4 13. exd4 a6 14. Bb2 Qg5 15. Nf4 Qf6 16. c5 Ba7 17. h4 Bd7 18. Qd2 Rac8 19. Kg2 b6 20. Rae1 Rfe8 21. Bxc6 Bxc6+ 22. d5 Rxe1 23. Bxf6 Rxf1 24. Kxf1 Bb5+ 25. Kg2 gxf6 26. c6 Kg7 27. Qc2 a5 28. a4 Ba6 29. b5 Bxb5 30. axb5 Rf8 31. Ne6+ Kf7 32. Qxf5 Re8 33. Qxh7# 1-0

[Event "NOR-ch U18 int"]
[Site "Lysaker"]
[Date "2002.03.26"]
[Round "5"]
[White "Namtvedt, Tone"]
[Black "Larsen Hagen, Brede Andre"]
[Result "0-1"]
[WhiteElo "829"]
[BlackElo "1013"]
[PlyCount "82"]
[EventDate "2002.03.23"]
[EventType "team"]
[EventRounds "7"]
[EventCountry "NOR"]
[SourceTitle "CBM 087 Extra"]
[Source "ChessBase"]
[SourceDate "2002.05.03"]
[SourceVersion "2"]
[SourceVersionDate "2002.08.09"]
[SourceQuality "1"]

1. d4 d5 2. Bf4 Nf6 3. e3 Bg4 4. Nf3 e6 5. c4 Bd6 6. Nbd2 Bxf4 7. exf4 0-0 8. Bd3 Nc6 9. h3 Bxf3 10. Nxf3 Qd7 11. 0-0 dxc4 12. Bxc4 Rad8 13. Bb5 Qd5 14. Bxc6 Qxc6 15. Rc1 Qd6 16. Qa4 a6 17. Qa5 Nd5 18. Kh1 Qxf4 19. Qa3 Rd7 20. Rfe1 Qf6 21. Qd3 Ne7 22. Ne5 Rd6 23. Rxc7 Qxf2 24. Rf1 Qh4 25. Qa3 Qxd4 26. Nf3 Qb6 27. Rxe7 Rb8 28. Qa4 Qd8 29. Rxf7 Kxf7 30. Ne5+ Kg8 31. Nf7 Rd4 32. Qb3 Qd5 33. Qg3 Rc8 34. Nh6+ Kh8 35. Qc7 Qd7 36. Qe5 Rd5 37. Nf7+ Kg8 38. Qg3 Rh5 39. Qg4 Qd5 40. Nd6 Rg5 41. Qf4 Qxg2# 0-1